000 00524 a2200205 4500
005 20240517125308.0
010 _aB-759098
020 _a9789354714566
_c299.00
035 _aB-759098
037 _bGift
082 _aN
100 _aMartin, Ann M.
_966344
245 _aThe Baby Sitters Club Dawn on the Coast/
_cAnn M. Martin
260 _aUK
_bScholastic Inc.
_c2023
270 _aUK
_bUK
300 _a152 p.
_c19cm (Pb)
700 _966330
942 _adpl
_cCH
_2ddc
_hN
_mMAR
999 _c202943
_d202943